Jamaica Town Limón C.R : nodo de integración urbana del cantón Central de Limón

Tallennettuna:
Bibliografiset tiedot
Päätekijä: Anchía Sevilla, Fanny Daniela, 1987-
Muut tekijät: Chavarría Abarca, Omar Eliecer., 1969- Director del TFG
Aineistotyyppi: Kirja
Kieli:Spanish
Julkaistu: [San José, Costa Rica] 2022
Aiheet:
Tagit: Lisää tagi
Ei tageja, Lisää ensimmäinen tagi!

MARC

LEADER 00000nam a2200000Ia 4500
003 013842
005 20240403155535.0
008 140114s2022 cr a 000 ||spa d
040 |c cru CEDI  
100 |a Anchía Sevilla, Fanny Daniela, 1987-  |9 2869 
245 |a Jamaica Town Limón C.R : nodo de integración urbana del cantón Central de Limón 
260 |a  [San José, Costa Rica]  |c 2022 
500 |a  Práctica dirigida (licenciatura en arquitectura)--Universidad de Costa Rica. Facultad de Ingeniería. Escuela de Arquitectura 
501 |a Director de Práctica Dirigida de Graduación: Arq Omar Chavarría Abarca 
650 |x ESPACIO URBANO - LIMON (COSTA RICA)  |x URBANISMO - LIMON (COSTA RICA)   |x DISEÑO URBANO - LIMON (COSTA RICA)  
700 |a Chavarría Abarca, Omar Eliecer., 1969-  |d Director del TFG  |9 68 
942 |c TFG  |h TFG 8983  |i 013842  |6 TFG_8983_013842000000000 
999 |c 13166  |d 13166